Prognostic value of university entrance examinations in Scotland (Record no. 8746)

MARC details
000 -LEADER
fixed length control field 00437nam a2200145Ia 4500
005 - DATE AND TIME OF LATEST TRANSACTION
control field 20240814115932.0
008 - FIXED-LENGTH DATA ELEMENTS--GENERAL INFORMATION
fixed length control field 240813s9999||||xx |||||||||||||| ||und||
082 ## - DEWEY DECIMAL CLASSIFICATION NUMBER
Classification number 378.16640941 INT
100 ## - MAIN ENTRY--PERSONAL NAME
Personal name International Examination Inquiry, England
245 #0 - TITLE STATEMENT
Title Prognostic value of university entrance examinations in Scotland
260 ## - PUBLICATION, DISTRIBUTION, ETC.
Place of publication, distribution, etc. London
Name of publisher, distributor, etc. Univ of London Press Ltd.
Date of publication, distribution, etc. 1937
300 ## - PHYSICAL DESCRIPTION
Extent 197p
650 ## - SUBJECT ADDED ENTRY--TOPICAL TERM
Topical term or geographic name entry element Higher education
942 ## - ADDED ENTRY ELEMENTS (KOHA)
Koha item type Book
Holdings
Withdrawn status Lost status Damaged status Not for loan Home library Current library Date acquired Total checkouts Barcode Date last seen Price effective from Koha item type
        Library and Documentation Division NCERT Library and Documentation Division NCERT 08/14/2024   9215 08/14/2024 08/14/2024 Book